000 00520nam a2200181Ia 4500
005 20260601193247.0
008 260601s9999||||xx |||||||||||||| ||und||
020 _a978-3-031-54369-2
_qebk
100 _aPatrick Diehl
245 0 _aParallel C++
250 _a2024
260 _aHeidelberg, Germany
_bSpringer Nature
_c2024
650 _aComputer Science
700 _aHartmut Kaiser
700 _aSteven R. Brandt
856 _uhttps://link.springer.com/openurl?genre=book&isbn=978-3-031-54369-2
942 _cEB
_2ddc
999 _c56590
_d56590